Five Geographical Features Quiz Stats

 Plays Quiz Updated Oct 31, 2014

Challenge
Share
Tweet
Embed
Score 0/45 Timer 06:00
3 Plays Today
% Correct
Adriatic
95.2%
Alps
94.4%
Mediterranean
93.6%
Caribbean
92.9%
Andes
92.9%
Aegean
92%
Kyrgyzstan
91.8%
Croatia
91.8%
Amsterdam
91.8%
Sahara
91.3%
Soviet Union
90.2%
Yugoslavia
90.1%
Superior
90%
East Germany
90%
Liechtenstein
90%
Amazon
89.4%
Appalachian
89.4%
Mississippi
88.7%
Gobi
88.4%
Yangtze
85.1%
Biscay
83.6%
Mojave
82.8%
Urals
82.3%
% Correct
Lesotho
81.5%
Bengal
81.3%
Chesapeake
80.6%
Gabon
79.9%
Titicaca
79.6%
Kalahari
79%
Kathmandu
77.9%
Riga
77%
Rhodesia
76.4%
Siam
76%
Montevideo
75.7%
Sierra Madre
73.8%
Volga
73.6%
Mekong
68.1%
Baikal
58.8%
Sargasso
58.5%
Fundy
58.4%
Hạ Long
51.9%
Antananarivo
50.8%
Ladoga
45.7%
Great Victoria
35.2%
Turkana
33.8%

You're not logged in!

Compare scores with friends on all Sporcle quizzes.
Join for Free
OR
Log In

You Might Also Like...

Show Comments

Extras

Top Quizzes Today


Score Distribution

Your Account Isn't Verified!

In order to create a playlist on Sporcle, you need to verify the email address you used during registration. Go to your Sporcle Settings to finish the process.

Report this User

Report this user for behavior that violates our Community Guidelines.

Details: